000 00288nam a2200109Ia 4500
008 230907s9999||||xx |||||||||||||| ||und||
082 _a621.69
_bVOL
100 _aVolk, Michael W.,
_9115507
245 0 _aPump characteristics and applications /
300 _axxv, 490 pages :
942 _cBK
999 _c598602
_d598602